000 01630nam a2200505 c 4500
001 53800
003 ES-MaCES
005 20250722143327.0
008 250718s2025 mx ||| | spa d
017 _aM 925-2025
_bDL
020 _a9788446056058
040 _aES-MaCES
_bspa
_cES-MaCES
245 0 0 _aSin garantías
_b: menores y jóvenes migrantes en la Frontera Sur de Europa
_cÁngeles Castaño Madroñal, Mohamed El Mouden (eds.)
260 _aMadrid
_bEdiciones Akal
_b[2025]
300 _a397 p.
_c24 cm
490 1 _aAkal / Inter Pares. Epistemologías del Sur
504 _aBibliografía
541 _cCompra
650 4 _amenor de edad
_930824
650 4 _ajuventud
_928522
650 4 _ainmigración
_928632
650 4 _ainmigrante
_928631
650 4 _acondiciones de vida
_927111
650 4 _aexclusión social
_930629
650 4 _adiscriminación
_927180
650 4 _aprotección social
_929076
650 4 _apolítica migratoria
_929183
650 4 _afrontera
_926677
650 4 _asur
_928781
650 4 _aEuropa
_926940
650 4 _aGibraltar
_926946
650 4 _apaís de salida
_929798
650 4 _aAfrica
_926791
650 4 _apaís de acogida
_929799
650 4 _aUE
_926752
650 4 _aEspaña
_926964
650 4 _aestudio de casos
_928846
650 4 _ainvestigación interdisciplinaria
_928841
653 1 0 _aCiencias Sociales-Políticas
700 1 _941424
_aCastaño Madroñal, Ángeles
_edir.
700 1 _941425
_aEl Mouden, Mohamed
_edir.
830 0 _aAkal / Inter Pares
_941432
_pEpistemologías del Sur
902 _aLIB Libro
942 _2CES
_cBK
_h7.0.
999 _c53800
_d53800